La clase obrera y el centenario (Registro nro. 739)
[ vista simple ]
| 000 -LEADER | |
|---|---|
| fixed length control field | 01992 a2200313 4500 |
| 001 - CONTROL NUMBER | |
| control field | 19474 |
| 005 - DATE AND TIME OF LATEST TRANSACTION | |
| control field | 20260407155500.0 |
| 008 - FIXED-LENGTH DATA ELEMENTS--GENERAL INFORMATION | |
| fixed length control field | 260407a2011 arg spa d |
| 003 - CONTROL NUMBER IDENTIFIER | |
| control field | AR-UNSa-BCEJYS |
| 040 ## - CATALOGING SOURCE | |
| Original cataloging agency | AR-UNSa-BCEJYS |
| Language of cataloging | spa |
| Transcribing agency | AR-UNSa-BCEJYS |
| 080 ## - UNIVERSAL DECIMAL CLASSIFICATION NUMBER | |
| Universal Decimal Classification number | 331.101.264 |
| Common auxiliary subdivision | Sectores trabajadores y no trabajadores de la población (clase obrera...) |
| 020 ## - INTERNATIONAL STANDARD BOOK NUMBER | |
| International Standard Book Number | 978-987-26577-3-4 |
| 100 1# - MAIN ENTRY--PERSONAL NAME | |
| Personal name | Contreras, Gustavo Nicolás |
| 245 10 - TITLE STATEMENT | |
| Title | La clase obrera y el centenario |
| Name of part/section of a work | 1910, trabajos de investigación |
| 264 #1 - PRODUCTION, PUBLICATION, DISTRIBUTION, MANUFACTURE, AND COPYRIGHT NOTICE | |
| Place of production, publication, distribution, manufacture | Buenos Aires : |
| Name of producer, publisher, distributor, manufacturer | CTA Ediciones |
| Date of production, publication, distribution, manufacture, or copyright notice | 2011 |
| 300 ## - PHYSICAL DESCRIPTION | |
| Extent | 308 p. |
| Dimensions | 22 cm. |
| 505 ## - FORMATTED CONTENTS NOTE | |
| Formatted contents note | 1. Movimiento obrero y anarquismo en Argentina de principios del siglo XX. Perspectivas y discusiones sobre la organización, los métodos de lucha, la violencia, el reformismo y la revolución - 2. Los centros obreros como ámbito de cultura, protesta y política - 3. La difusa clase obrera en 1910: el "cuarto sector" - 4. La clase obrera al sur del centenario. Las luchas de los obreros en el territorio nacional de Santa Cruz en la década de 1910 - 5. El control obrero 1908. El comité pro-reglamentación de la ley de trabajo de mujeres y menores (5291) - 6. La clase obrera marplatense y su situación hacia el centenario - 7. Organizaciones obreras en Mendoza: desde las disputas sobre el concepto de trabajo (1873) al estado de sitio durante el centenario (1910) y la primera federación obrera local (1920)- 8. La situación laboral de las mujeres en Morón y La Matanza hacia la época del centenario |
| 590 ## - LOCAL NOTE (RLIN) | |
| Local note | niveau_biblio:m niveau_hierar:0 |
| 700 1# - ADDED ENTRY--PERSONAL NAME | |
| Personal name | Teitelbaum, Vanesa |
| 700 1# - ADDED ENTRY--PERSONAL NAME | |
| Personal name | Orsatti, Alvaro |
| 700 1# - ADDED ENTRY--PERSONAL NAME | |
| Personal name | Auzoberría, Miguel |
| 700 1# - ADDED ENTRY--PERSONAL NAME | |
| Personal name | Kandel, Ester |
| 700 1# - ADDED ENTRY--PERSONAL NAME | |
| Personal name | González, Lucas |
| 700 1# - ADDED ENTRY--PERSONAL NAME | |
| Personal name | Spadari, Oscar |
| 700 1# - ADDED ENTRY--PERSONAL NAME | |
| Personal name | Satlari, María Cristina |
| 700 1# - ADDED ENTRY--PERSONAL NAME | |
| Personal name | Visconti, Claudia |
| 856 41 - ELECTRONIC LOCATION AND ACCESS | |
| Uniform Resource Identifier | <a href="https://biblioeco.unsa.edu.ar/pmb/images/libros/La Clase Obrera y el Centenario 1910-l118576.jpg">https://biblioeco.unsa.edu.ar/pmb/images/libros/La Clase Obrera y el Centenario 1910-l118576.jpg</a> |
| Link text | Imagen de portada |
| Electronic format type | image/jpeg |
| 942 ## - ADDED ENTRY ELEMENTS (KOHA) | |
| Koha item type | |
| Withdrawn status | Lost status | Damaged status | Not for loan | Home library | Current library | Shelving location | Date acquired | Total checkouts | Full call number | Barcode | Date last seen | Price effective from | Koha item type |
|---|---|---|---|---|---|---|---|---|---|---|---|---|---|
| Biblioteca Prof. Eusebio Cleto del Rey | Biblioteca Prof. Eusebio Cleto del Rey | 07/04/2026 | 331.101.264 C614 | L118576 | 07/04/2026 | 07/04/2026 | Libro |